Normal view
MARC view
Entry Personal Name
001 - CONTROL NUMBER
- control field: 31451
003 - CONTROL NUMBER IDENTIFIER
- control field: ARRUPE
005 - DATE AND TIME OF LATEST TRANSACTION
- control field: 20170529121914.0
008 - FIXED-LENGTH DATA ELEMENTS
- fixed length control field: 170529|| aca||aabn | a|a d
040 ## - CATALOGING SOURCE
- Original cataloging agency: ARRUPE
- Transcribing agency: ARRUPE
100 ## - HEADING--PERSONAL NAME
- Personal name: Benjamin, Arnold.
670 ## - SOURCE DATA FOUND
- Source citation: Work cat.: (ARRUPE)20513: Benjamin, Arnold., The alternative Mandela album :, 1990.